| 000 | 00516nam a2200229 a 4500 | ||
|---|---|---|---|
| 001 | nice12345678 | ||
| 003 | IN_TiNIC | ||
| 005 | 20260116011402.0 | ||
| 008 | 050524s1962 laha grp 000 0 urd | ||
| 020 |
_a _c25 |
||
| 082 | 0 | 0 |
_a297.297 _bPAR |
| 100 | _aParvez, M | ||
| 245 | _aKafirgiri | ||
| 260 |
_aLahore _bMeezan Pu. Ltd _c1962 |
||
| 300 | _a44p | ||
| 500 | _aincludes index and biblioraphy | ||
| 650 | _aIslam-Apostasy | ||
| 700 | 1 | _aParvez, M | |
| 902 | _bSRS | ||
| 942 | _cBK | ||
| 999 |
_c1067 _d1067 |
||